Normal view
MARC view
Entry Topical Term
001 - CONTROL NUMBER
- control field: 6407
003 - CONTROL NUMBER IDENTIFIER
- control field: OSt
005 - DATE AND TIME OF LATEST TRANSACTION
- control field: 20190621045953.0
008 - FIXED-LENGTH DATA ELEMENTS
- fixed length control field: 190621|| aca||aabn | a|a d
040 ## - CATALOGING SOURCE
- Original cataloging agency: OSt
- Transcribing agency: OSt
150 ## - HEADING--TOPICAL TERM
- Topical term or geographic name entry element: Postal service -- India.
670 ## - SOURCE DATA FOUND
- Source citation: Work cat.: (OSt)509516: Usman, Hena 5447, Leveraging post offices as a hub for delivery of citizen centric services : , 2019
